|
|
|
|
| LEADER |
00000naa a2200000uu 4500 |
| 001 |
vtls010947250 |
| 003 |
SK-MaSNL |
| 005 |
20260302125633.0 |
| 008 |
210902|2000 xo |||||||||||||||||eng| |
| 015 |
|
|
|a SNBRA
|
| 035 |
|
|
|a (urnnbn)urn:nbn:sk:snk:ar-a0bgpv
|
| 035 |
|
|
|a (uuid)5d964f0b-99d4-4233-8276-39f44ecd0b7a
|
| 035 |
|
|
|a urn:nbn:sk:snk-aau8ty
|
| 040 |
|
|
|a SNKBUCL
|b slo
|c SNKBUCL
|e AACR2
|
| 041 |
0 |
|
|a eng
|
| 044 |
|
|
|a xo
|c SK
|
| 100 |
1 |
|
|a Bagiu, L.
|4 aut
|9 812936
|
| 245 |
1 |
0 |
|a A SYSTEM OF SETUP TOOLS AND HOLDER TOOLS WITH ROTATION
|c L. Bagiu, M. Stănisoară, M. Urdea, V. Putz
|
| 700 |
1 |
|
|a Stănisoară, M.
|4 aut
|9 812937
|
| 700 |
1 |
|
|a Urdea, M.
|4 aut
|9 772435
|
| 700 |
1 |
|
|a Putz, V.
|4 aut
|9 812938
|
| 773 |
0 |
|
|t Kvalita a spoľahlivosť strojov
|d V Nitre : Slovenská poľnohospodárska univerzita, 2000
|g S. 87-88
|z 8071377201
|
| 958 |
|
|
|a OND
|
| 958 |
|
|
|a article11
|
| 958 |
|
|
|a chapter
|
| 999 |
|
|
|c 1294739
|d 1296669
|